English Clubs By Clue - Statistics

General Stats
  • This quiz has been taken 19 times
  • The average score is 16 of 20
Answer Stats
Players Club % Correct
Rio Ferdinand, Wayne Rooney, Park Ji-sung Manchester United
100%
Michael Essien, John Obi Mikel, Antonio Rüdiger Chelsea
94%
Jamie Redknapp, John Arne Riise, Trent Alexander-Arnold Liverpool
94%
Marc Overmars, Ian Wright, Gilberto Silva Arsenal
89%
Leon Osman, Phil Neville, Tim Cahill Everton
89%
Darren Bent, Steven Fletcher, Simon Mignolet Sunderland
89%
Gabby Agbonlahor, Ashley Young, Brad Guzan Aston Villa
83%
Louis Saha, Mark Schwarzer, Danny Murphy Fulham
83%
Marc Albrighton, Kasper Schmeichel, Danny Simpson Leicester City
83%
Alan Shearer, Jermaine Jenas, Michael Owen Newcastle United
83%
Ryan Shawcross, Peter Crouch, Asmir Begović Stoke City
83%
Younès Kaboul, Érik Lamela, Jermain Defoe Tottenham Hotspur
83%
Shaun Wright-Phillips, Stephen Ireland, Jesús Navas Manchester City
78%
Frank Lampard, Mohamed Diamé, Diafra Sakho West Ham United
78%
Gary Cahill, Jussi Jääskeläinen, Kevin Davies Bolton Wanderers
72%
Andrew Johnson, Yohan Cabaye, Julián Speroni Crystal Palace
72%
Mark Viduka, Alan Smith, Jimmy Floyd Hasselbaink Leeds United
72%
Saido Berahino, Romelu Lukaku, Gareth McAuley West Bromwich Albion
72%
Callum Wilson, Benik Afobe, Charlie Daniels A.F.C. Bournemouth
67%
Robbie Savage, Chris Sutton, Brad Friedel Blackburn Rovers
56%
No matching quizzes found
Score Distribution
Percent of People with Each Score
Percentile by Number Answered
Your Score History
You have not taken this quiz